000 00820nam a2200205 4500
001 137657
003 ES-MaACL
005 20230906195422.0
007 t|
008 070214s1923 sp r ||||1| spa d
100 1 _aSaldaña, Quintiliano,
_d1878-1938
_9101861
245 1 0 _aModernas concepciones penales en España
_b: teoría pragmática del derecho penal /
_cQuintiliano Saldaña ; traducción directa del alemán y estudio preliminar sobre el pragmatismo por Jaime Masaveu.
250 _a2a ed.
_baum. con notas y epílogo del autor y un prólogo del Dr. Moritz Liepmann.
260 _aMadrid :
_bCalpe,
_c1923 (
_fImp. Hispánica)
300 _a106 p. ;
_c24 x 16 cm.
700 1 _aLiepmann, Moritz.
_972250
700 1 _aMasaveu, Jaime.
_978674
852 _aES-MaACL
_jF-9662
999 _c137657
_d137657